| 000 | 00367nam a22001337a 4500 | ||
|---|---|---|---|
| 082 |
_a536.73 _bWHE _cL-6, P-4 |
||
| 100 |
_aWheeler S.G. _940031 |
||
| 245 | _aEntropy as a Tangible Conception. | ||
| 260 |
_aLondon _bThe Technical Press _c1925 |
||
| 300 |
_a76 p. : _bill. : _c6 Cm |
||
| 526 |
_a0 _b0 _c0 _d536_730000000000000_WHE |
||
| 650 |
_aMCE _9379 |
||
| 942 |
_2ddc _cBK |
||
| 999 |
_c544407 _d544407 |
||